=LDR 00000nam 2200000 4500 =001 NUTBA000000000000401 =005 20140322104818.0 =006 =007 =008 =035 ##$$a 0010-031400000000400 =082 ##$$a 530.07 =090 ##$$a 530.07 Sis k =100 ##$$a Siswanto =245 ##$$a Kopetensi Fisika =260 ##$$a Jakarta $b Sumber Bahagia Concer $c 2009 =300 ##$$a Vii,218 hlm $b ilus $c 40 cm =850 ##$$a NBPNMAT =990 ##$$a 91120/BPAP-NTB/2014